[Event "Figueira da Foz op"]
[Site "Figueira da Foz POR"]
[Date "2019.11.01"]
[Round "7.4"]
[White "Rey Malde, Henrique"]
[Black "Spraggett, Kevin"]
[Result "1/2-1/2"]
[WhiteElo "2209"]
[BlackElo "2513"]
[PlyCount "54"]
[EventDate "2019.10.27"]
[EventType "swiss"]
[EventRounds "9"]
[EventCountry "POR"]
[Source "ChessMix"]
[SourceDate "2019.11.10"]

1. e4 e5 2. Nf3 Nc6 3. Bb5 a6 4. Ba4 Nf6 5. d3 d6 6. c3 Be7 7. O-O O-O 8. Re1
b5 9. Bc2 Re8 10. h3 h6 11. Be3 Bf8 12. Nbd2 Bb7 13. a4 b4 14. a5 Rb8 15. Nf1
d5 16. Ng3 Ba8 17. Ba4 Re6 18. Bb3 Qd7 19. Qc2 g6 20. Nh2 Ree8 21. Ba4 bxc3 22.
bxc3 Bg7 23. Nf3 Kh7 24. Bc5 Rbd8 25. Rad1 Rb8 26. Ra1 Kg8 27. Rad1 Kh7 1/2-1/2

[Event "Figueira da Foz op"]
[Site "Figueira da Foz POR"]
[Date "2019.11.03"]
[Round "9.5"]
[White "Djuric, Stefan"]
[Black "Spraggett, Kevin"]
[Result "1/2-1/2"]
[WhiteElo "2356"]
[BlackElo "2513"]
[PlyCount "61"]
[EventDate "2019.10.27"]
[EventType "swiss"]
[EventRounds "9"]
[EventCountry "POR"]
[Source "ChessMix"]
[SourceDate "2019.11.10"]

1. d4 Nf6 2. c4 g6 3. Nc3 d6 4. e4 Bg7 5. Nf3 O-O 6. Be2 e5 7. Be3 Na6 8. dxe5
dxe5 9. O-O c6 10. Qxd8 Rxd8 11. Rfd1 Re8 12. h3 Nh5 13. Rab1 Nf4 14. Bf1 Ne6
15. b4 f5 16. c5 Nac7 17. Bc4 Kf8 18. a4 a6 19. a5 Nb5 20. Nxb5 axb5 21. Ba2
Nf4 22. Bxf4 exf4 23. e5 Be6 24. Bxe6 Rxe6 25. Rd7 Re7 26. Rbd1 Rae8 27. h4
Rxd7 28. Rxd7 Re7 29. Rd8+ Re8 30. Rd7 Re7 31. Rd8+ 1/2-1/2

[Event "Vila Nova de Famalicao op"]
[Site "Vila Nova de Famalicao POR"]
[Date "2019.07.28"]
[Round "1.4"]
[White "Spraggett, Kevin"]
[Black "Marques, Ricardo Taborda Tri"]
[Result "1-0"]
[WhiteElo "2511"]
[BlackElo "1506"]
[PlyCount "69"]
[EventDate "2019.07.28"]
[EventType "swiss"]
[EventRounds "9"]
[EventCountry "POR"]
[Source "ChessMix"]
[SourceDate "2019.08.10"]

1. e4 e5 2. Nf3 Nc6 3. Bb5 Nf6 4. Qe2 Bc5 5. c3 Qe7 6. O-O O-O 7. d3 h6 8. Nbd2
a6 9. Bxc6 bxc6 10. Nc4 d6 11. b4 Bb6 12. Be3 Bxe3 13. fxe3 Bg4 14. Na5 Qe8 15.
h3 Bxf3 16. Rxf3 d5 17. Raf1 Qe6 18. exd5 cxd5 19. Nb3 Nd7 20. e4 Rac8 21. exd5
Qxd5 22. c4 Qe6 23. c5 Rb8 24. Qe1 Nf6 25. Re3 Rfe8 26. Nd4 exd4 27. Rxe6 Rxe6
28. Qd2 Nd5 29. Qf2 Rf6 30. Qxd4 Rxf1+ 31. Kxf1 Nxb4 32. Qd7 c6 33. Kf2 Nxa2
34. Qxc6 Nb4 35. Qd7 1-0

[Event "Vila Nova de Famalicao op"]
[Site "Vila Nova de Famalicao POR"]
[Date "2019.07.29"]
[Round "3.4"]
[White "Spraggett, Kevin"]
[Black "Rego, Pedro Felipe"]
[Result "1/2-1/2"]
[WhiteElo "2511"]
[BlackElo "2249"]
[PlyCount "89"]
[EventDate "2019.07.28"]
[EventType "swiss"]
[EventRounds "9"]
[EventCountry "POR"]
[Source "ChessMix"]
[SourceDate "2019.08.10"]

1. e4 c6 2. d4 d5 3. Nc3 dxe4 4. Nxe4 Nf6 5. Nxf6+ exf6 6. c3 Bf5 7. Ne2 Bd6 8.
Ng3 Qe7+ 9. Be2 Bg4 10. f3 Be6 11. Ne4 Bc7 12. O-O O-O 13. Bd3 Nd7 14. Ng3 Nb6
15. f4 Rad8 16. b3 Nd5 17. Bd2 b5 18. Qc2 g6 19. f5 Bxg3 20. fxe6 Bb8 21. exf7+
Rxf7 22. Rae1 Qd6 23. g3 Kg7 24. Kg2 Bc7 25. Qc1 b4 26. cxb4 Nxb4 27. Bc4 Nd5
28. Bh6+ Kh8 29. Qd2 Qd7 30. Re2 Bd6 31. Bxd5 cxd5 32. Rfe1 Re7 33. Rxe7 Bxe7
34. Qe3 Bf8 35. Bxf8 Rxf8 36. Qe7 Rf7 37. Qxd7 Rxd7 38. Rc1 Kg7 39. Rc5 Kf7 40.
b4 Ke6 41. b5 Rd6 42. a4 a6 43. Kf3 axb5 44. axb5 h5 45. h3 1/2-1/2

[Event "Vila Nova de Famalicao op"]
[Site "Vila Nova de Famalicao POR"]
[Date "2019.07.30"]
[Round "4.7"]
[White "Forgas Moreno, Yaniela"]
[Black "Spraggett, Kevin"]
[Result "0-1"]
[WhiteElo "2272"]
[BlackElo "2511"]
[PlyCount "92"]
[EventDate "2019.07.28"]
[EventType "swiss"]
[EventRounds "9"]
[EventCountry "POR"]
[Source "ChessMix"]
[SourceDate "2019.08.10"]

1. e4 c5 2. Nc3 a6 3. g3 b5 4. Bg2 Bb7 5. d3 e6 6. Nh3 Nf6 7. O-O d6 8. f4 b4
9. Nb1 Nc6 10. a3 a5 11. axb4 axb4 12. Rxa8 Qxa8 13. Nd2 Be7 14. Nc4 O-O 15.
Ne3 g6 16. g4 Re8 17. g5 Nd7 18. f5 exf5 19. Nd5 Bd8 20. Nhf4 fxe4 21. Bxe4
Nce5 22. h4 Nb6 23. Nxb6 Bxb6 24. Bxb7 Qxb7 25. Kh2 Bd8 26. b3 h6 27. Nh3 h5
28. Kg3 d5 29. Re1 Qd7 30. Bf4 Nc6 31. Rxe8+ Qxe8 32. Qf3 Qd7 33. Be3 Ne5 34.
Qe2 Be7 35. Bf4 Nc6 36. Kh2 Nd4 37. Qf2 Qg4 38. Ng1 Nxc2 39. Ne2 Qf5 40. Bg3
Qxd3 41. Nf4 Qxb3 42. Qe2 Ne3 43. Qb5 Qa2+ 44. Kh3 d4 45. Qe8+ Bf8 46. Qe4 Qc2
0-1

[Event "Vila Nova de Famalicao op"]
[Site "Vila Nova de Famalicao POR"]
[Date "2019.07.31"]
[Round "5.3"]
[White "Spraggett, Kevin"]
[Black "Campora, Daniel"]
[Result "1-0"]
[WhiteElo "2511"]
[BlackElo "2420"]
[PlyCount "75"]
[EventDate "2019.07.28"]
[EventType "swiss"]
[EventRounds "9"]
[EventCountry "POR"]
[Source "ChessMix"]
[SourceDate "2019.08.10"]

1. d4 Nf6 2. Nf3 e6 3. c4 b6 4. Nc3 Bb7 5. a3 d5 6. cxd5 Nxd5 7. Qc2 Be7 8.
Nxd5 exd5 9. g3 O-O 10. Bg2 Nd7 11. O-O c5 12. dxc5 bxc5 13. Rd1 Nf6 14. Bf4
Qb6 15. e3 Rfd8 16. Be5 a5 17. b3 Rac8 18. Nd2 Ng4 19. Bb2 d4 20. Nc4 Qa7 21.
Bxb7 Qxb7 22. exd4 cxd4 23. Rxd4 Rxd4 24. Bxd4 a4 25. b4 Qa6 26. Rc1 Qh6 27. h4
Qe6 28. Qd3 h5 29. Bb2 Rd8 30. Qf3 Rd5 31. Rf1 Rf5 32. Qd3 Rd5 33. Qc2 g5 34.
hxg5 Bxg5 35. Bc1 Rd4 36. Bxg5 Rxc4 37. Qd1 Qf5 38. Bf4 1-0

[Event "Vila Nova de Famalicao op"]
[Site "Vila Nova de Famalicao POR"]
[Date "2019.07.31"]
[Round "6.1"]
[White "Grigoryan, Karen"]
[Black "Spraggett, Kevin"]
[Result "1-0"]
[WhiteElo "2549"]
[BlackElo "2511"]
[PlyCount "79"]
[EventDate "2019.07.28"]
[EventType "swiss"]
[EventRounds "9"]
[EventCountry "POR"]
[Source "ChessMix"]
[SourceDate "2019.08.10"]

1. d4 Nf6 2. c4 e6 3. Nc3 Bb4 4. f3 c5 5. d5 O-O 6. e4 Re8 7. Nge2 exd5 8. cxd5
d6 9. Ng3 Nbd7 10. Be2 a6 11. a4 Ne5 12. O-O Bd7 13. Be3 Rc8 14. Kh1 Ng6 15.
Qc2 Ba5 16. Bd2 c4 17. Nd1 Bxd2 18. Qxd2 b5 19. axb5 axb5 20. Ra6 Qe7 21. Ne3
Nh4 22. Qd4 Rc5 23. Rfa1 Rec8 24. Bd1 Ne8 25. Ra7 Nc7 26. e5 dxe5 27. Qd2 f5
28. b4 cxb3 29. d6 Qe6 30. dxc7 R5xc7 31. Rxc7 Rxc7 32. Qb4 b2 33. Qxb2 Kh8 34.
Bb3 Qe8 35. Nd5 Rb7 36. f4 exf4 37. Nh5 Bc6 38. Nhxf4 Ng6 39. Nxg6+ hxg6 40.
Qc3 1-0

[Event "Vila Nova de Famalicao op"]
[Site "Vila Nova de Famalicao POR"]
[Date "2019.08.01"]
[Round "7.5"]
[White "Spraggett, Kevin"]
[Black "Pintor, Simao"]
[Result "1-0"]
[WhiteElo "2511"]
[BlackElo "2082"]
[PlyCount "53"]
[EventDate "2019.07.28"]
[EventType "swiss"]
[EventRounds "9"]
[EventCountry "POR"]
[Source "ChessMix"]
[SourceDate "2019.08.10"]

1. d4 d5 2. c4 e6 3. Nf3 c5 4. cxd5 exd5 5. Bg5 Be7 6. Bxe7 Nxe7 7. dxc5 Nbc6
8. e3 Qa5+ 9. Nc3 Qxc5 10. Be2 O-O 11. O-O Bg4 12. Rc1 Bxf3 13. Bxf3 d4 14. Nd5
Qa5 15. Nxe7+ Nxe7 16. Qxd4 Qxa2 17. Bxb7 Rad8 18. Qb4 Nd5 19. Qb5 Nb6 20. b3
Qd2 21. g3 Rd3 22. Be4 Rxe3 23. Rfd1 Qe2 24. Bd3 Qf3 25. fxe3 Qxe3+ 26. Kg2 Re8
27. Qf5 1-0

[Event "Vila Nova de Famalicao op"]
[Site "Vila Nova de Famalicao POR"]
[Date "2019.08.02"]
[Round "8.2"]
[White "Tadevosyan, Aspet"]
[Black "Spraggett, Kevin"]
[Result "0-1"]
[WhiteElo "2144"]
[BlackElo "2511"]
[PlyCount "88"]
[EventDate "2019.07.28"]
[EventType "swiss"]
[EventRounds "9"]
[EventCountry "POR"]
[Source "ChessMix"]
[SourceDate "2019.08.10"]

1. d4 Nf6 2. c4 d6 3. Nf3 g6 4. Nc3 Nbd7 5. e4 e5 6. Be2 Bg7 7. O-O O-O 8. Re1
Re8 9. Bf1 a6 10. a3 a5 11. b3 exd4 12. Nxd4 Nc5 13. f3 Nh5 14. Be3 Be5 15. g3
c6 16. Rb1 Bg7 17. Qd2 Nf6 18. Red1 Nfd7 19. Nde2 a4 20. b4 Ne5 21. Qxd6 Qxd6
22. Rxd6 Ne6 23. c5 Nxf3+ 24. Kg2 Ne5 25. Nf4 Ng4 26. Bd2 Bf8 27. Rd3 Ne5 28.
Re3 Nd4 29. Nce2 Nb3 30. Bc1 Nc4 31. Rc3 Rxe4 32. Ng1 Ncd2 33. Bxd2 Nxd2 34.
Rd1 Nxf1 35. Kxf1 Bg4 36. Re1 Rxe1+ 37. Kxe1 Re8+ 38. Kf2 Bg7 39. Rd3 Bf5 40.
Rd2 Bc3 41. Ra2 Bb1 42. Re2 Rxe2+ 43. Kxe2 Bxb4 44. axb4 a3 0-1

[Event "Vila Nova de Famalicao op"]
[Site "Vila Nova de Famalicao POR"]
[Date "2019.08.03"]
[Round "9.2"]
[White "Spraggett, Kevin"]
[Black "Pinho, Paulo"]
[Result "1-0"]
[WhiteElo "2511"]
[BlackElo "2200"]
[PlyCount "71"]
[EventDate "2019.07.28"]
[EventType "swiss"]
[EventRounds "9"]
[EventCountry "POR"]
[Source "ChessMix"]
[SourceDate "2019.08.10"]

1. e4 c5 2. Nf3 e6 3. d4 cxd4 4. Nxd4 a6 5. c4 b6 6. Nc3 Bb7 7. Bd3 d6 8. O-O
Nf6 9. Qe2 Nbd7 10. f4 Be7 11. Bd2 Qc7 12. Rac1 O-O 13. b4 Rfe8 14. Nf3 Rac8
15. a3 Bf8 16. Kh1 Qb8 17. Rce1 g6 18. e5 Nh5 19. Be4 f5 20. exf6 Ndxf6 21. Bb1
Bh6 22. Ng5 Ng7 23. Ba2 Qc7 24. Qd3 Qc6 25. Qh3 Bxg5 26. fxg5 Nfh5 27. Ne4 Nf5
28. Kg1 Rf8 29. Qd3 b5 30. cxb5 Qb6+ 31. Be3 Nxe3 32. Bxe6+ Kg7 33. Qxe3 Rxf1+
34. Kxf1 Qxb5+ 35. Kg1 Rc2 36. Rf1 1-0

[Event "POR-Cup 1/4 final"]
[Site "Portugal POR"]
[Date "2019.06.08"]
[Round "1.1"]
[White "Margarido, J."]
[Black "Spraggett, Kevin"]
[Result "0-1"]
[WhiteElo "2152"]
[BlackElo "2510"]
[PlyCount "92"]
[EventDate "2019.06.08"]
[EventType "team"]
[EventRounds "1"]
[EventCountry "POR"]
[Source "Mark Crowther"]
[SourceDate "2019.06.10"]
[WhiteTeam "Profigaia/Escola Profissional_A"]
[BlackTeam "AX Portugal/Atlantidiagonal_A"]

1. e4 c6 2. Nc3 d5 3. Nf3 dxe4 4. Nxe4 Nf6 5. Qe2 Bf5 6. Nxf6+ gxf6 7. d3 e6 8.
Nh4 Bg6 9. g3 Nd7 10. Bg2 Bd6 11. O-O f5 12. d4 Be7 13. Nxg6 hxg6 14. c4 Bf6
15. Rd1 O-O 16. Be3 Re8 17. Qc2 Qc7 18. Rd3 e5 19. dxe5 Nxe5 20. Rd2 Re6 21. h3
Qa5 22. Rdd1 Rae8 23. a3 Qc7 24. Rd2 Nd7 25. Rad1 Nf8 26. Rd3 a6 27. b4 a5 28.
Bf3 axb4 29. axb4 Rxe3 30. Rxe3 Rxe3 31. fxe3 Qxg3+ 32. Qg2 Qe5 33. Qd2 Ne6 34.
Bg2 Kg7 35. Kh1 Bd8 36. Rc1 Bf6 37. Rb1 Ng5 38. b5 Ne4 39. Qe1 Be7 40. bxc6
bxc6 41. Kg1 Bc5 42. Bxe4 Qxe4 43. Qc3+ Kh7 44. Rb7 Bxe3+ 45. Kf1 Qf3+ 46. Ke1
Bf2+ 0-1

[Event "Portugal op Rapid"]
[Site "Lisbon POR"]
[Date "2019.02.10"]
[Round "1.7"]
[White "Nascimento, C."]
[Black "Spraggett, Kevin"]
[Result "0-1"]
[WhiteElo "1836"]
[BlackElo "2513"]
[PlyCount "66"]
[EventDate "2019.02.10"]
[EventType "swiss (rapid)"]
[EventRounds "8"]
[EventCountry "POR"]
[Source "Mark Crowther"]
[SourceDate "2019.02.12"]

1. e4 c6 2. d4 d5 3. exd5 cxd5 4. Nf3 Nf6 5. c3 Nc6 6. Be2 g6 7. Bg5 Ne4 8. Be3
Bg7 9. Nbd2 Nd6 10. O-O O-O 11. Nb3 Bg4 12. h3 Bxf3 13. Bxf3 Nc4 14. Qc1 Rc8
15. Nc5 e5 16. b3 Nxe3 17. fxe3 b6 18. Na4 exd4 19. exd4 Nxd4 20. Qd2 Nxf3+ 21.
Rxf3 d4 22. c4 Qh4 23. Raf1 Rce8 24. Nb2 Re3 25. Nd3 Qe4 26. Rxe3 dxe3 27. Qe2
Rd8 28. Rd1 h5 29. Ne1 Rxd1 30. Qxd1 e2 31. Qd3 Bd4+ 32. Kh1 Qxd3 33. Nxd3 Bc3
0-1

[Event "Portugal op Rapid"]
[Site "Lisbon POR"]
[Date "2019.02.10"]
[Round "2.7"]
[White "Spraggett, Kevin"]
[Black "Guerreiro, Nuno"]
[Result "1-0"]
[WhiteElo "2513"]
[BlackElo "2064"]
[PlyCount "105"]
[EventDate "2019.02.10"]
[EventType "swiss (rapid)"]
[EventRounds "8"]
[EventCountry "POR"]
[Source "Mark Crowther"]
[SourceDate "2019.02.12"]

1. g3 e5 2. Bg2 Nf6 3. d3 Nc6 4. c3 a5 5. Nf3 d5 6. O-O h6 7. Qc2 Be7 8. Nbd2
O-O 9. b3 Re8 10. a3 Bf8 11. e4 Bg4 12. Bb2 Qd7 13. b4 axb4 14. axb4 dxe4 15.
dxe4 Rad8 16. Rfe1 Qd3 17. Qa4 Bxf3 18. Nxf3 Nxe4 19. Re3 b5 20. Qb3 Nd2 21.
Nxd2 Qxd2 22. Bxc6 Re6 23. Bxb5 Rf6 24. Re2 Qg5 25. Rae1 Qf5 26. Qc4 Bd6 27.
Bc6 h5 28. Be4 Qg4 29. Bc1 g6 30. f3 Rxf3 31. Rf2 Rxf2 32. Kxf2 h4 33. Bd5 Qf5+
34. Kg1 hxg3 35. hxg3 Rf8 36. Rf1 Qh3 37. Qh4 Qxh4 38. gxh4 Kg7 39. Kg2 f5 40.
Bg5 e4 41. Ra1 Be5 42. Ra7 Rb8 43. Kf1 Rb5 44. Bc6 Rb6 45. b5 Rb8 46. c4 Kf8
47. Ke2 Bd6 48. c5 Be5 49. Ke3 Kg8 50. Bf4 Bxf4+ 51. Kxf4 Kh7 52. b6 Kh6 53.
Ra8 1-0

[Event "Portugal op Rapid"]
[Site "Lisbon POR"]
[Date "2019.02.10"]
[Round "3.7"]
[White "Veiga, Jose Francisco RP"]
[Black "Spraggett, Kevin"]
[Result "1/2-1/2"]
[WhiteElo "2319"]
[BlackElo "2513"]
[PlyCount "47"]
[EventDate "2019.02.10"]
[EventType "swiss (rapid)"]
[EventRounds "8"]
[EventCountry "POR"]
[Source "Mark Crowther"]
[SourceDate "2019.02.12"]

1. e4 c6 2. Nc3 d5 3. Nf3 Nf6 4. e5 Ne4 5. Ne2 Qb6 6. d4 e6 7. Nfg1 f6 8. exf6
Nxf6 9. Ng3 c5 10. Nf3 Nc6 11. c3 cxd4 12. cxd4 Bb4+ 13. Bd2 O-O 14. Bc3 Ne4
15. Rc1 e5 16. Nxe4 dxe4 17. Qb3+ Kh8 18. Bxb4 Nxb4 19. Nxe5 Be6 20. Bc4 Qxd4
21. O-O Qxe5 22. Qxb4 Bxc4 23. Rxc4 e3 24. Re4 1/2-1/2

[Event "Portugal op Rapid"]
[Site "Lisbon POR"]
[Date "2019.02.10"]
[Round "4.8"]
[White "Spraggett, Kevin"]
[Black "Kubicka, Anna"]
[Result "1-0"]
[WhiteElo "2513"]
[BlackElo "2186"]
[PlyCount "75"]
[EventDate "2019.02.10"]
[EventType "swiss (rapid)"]
[EventRounds "8"]
[EventCountry "POR"]
[Source "Mark Crowther"]
[SourceDate "2019.02.12"]

1. Nf3 Nf6 2. g3 g6 3. b3 Bg7 4. Bb2 O-O 5. Bg2 d6 6. c4 e5 7. d3 Nc6 8. O-O
Re8 9. Nc3 Bf5 10. Nd2 Qd7 11. a3 Bh3 12. Nd5 Bxg2 13. Kxg2 Ne7 14. e4 c6 15.
Nxf6+ Bxf6 16. Nf3 Bg7 17. Qc2 f5 18. h3 Rf8 19. Rae1 fxe4 20. dxe4 Rxf3 21.
Kxf3 Qxh3 22. Ke2 Qg4+ 23. Kd2 Bh6+ 24. Kc3 d5 25. Qd3 Rf8 26. Kc2 d4 27. f4
exf4 28. Qxd4 Kf7 29. gxf4 Bxf4 30. Rd1 Ke8 31. Kb1 g5 32. Qxa7 Qc8 33. Rh1 Rf7
34. Rd3 Ng6 35. Rhd1 Ne5 36. Rd8+ Qxd8 37. Rxd8+ Kxd8 38. Qb8+ 1-0

[Event "Portugal op Rapid"]
[Site "Lisbon POR"]
[Date "2019.02.10"]
[Round "5.5"]
[White "Xu, Xiangyu"]
[Black "Spraggett, Kevin"]
[Result "1-0"]
[WhiteElo "2565"]
[BlackElo "2513"]
[PlyCount "79"]
[EventDate "2019.02.10"]
[EventType "swiss (rapid)"]
[EventRounds "8"]
[EventCountry "POR"]
[Source "Mark Crowther"]
[SourceDate "2019.02.12"]

1. d4 Nf6 2. c4 g6 3. Nc3 Bg7 4. e4 d6 5. Be2 O-O 6. Be3 c6 7. g4 d5 8. e5 Ne4
9. Nxe4 dxe4 10. Qc2 c5 11. Qxe4 cxd4 12. Qxd4 Qxd4 13. Bxd4 Nc6 14. Bc3 Nxe5
15. h3 Be6 16. Rc1 Rfd8 17. b3 Bh6 18. Rd1 Rxd1+ 19. Kxd1 Nc6 20. Nf3 a5 21.
Kc2 Nb4+ 22. Kb2 Rd8 23. a3 Nd3+ 24. Bxd3 Rxd3 25. Ne5 Rd6 26. Bxa5 Bg7 27. Bc3
Bxe5 28. Bxe5 Rd2+ 29. Kc3 Rxf2 30. a4 f6 31. Bc7 h5 32. gxh5 gxh5 33. h4 Bf5
34. b4 e5 35. b5 e4 36. a5 e3 37. Re1 Rc2+ 38. Kb3 e2 39. a6 bxa6 40. b6 1-0

[Event "Portugal op Rapid"]
[Site "Lisbon POR"]
[Date "2019.02.10"]
[Round "6.9"]
[White "Spraggett, Kevin"]
[Black "Fus, Jakub"]
[Result "1-0"]
[WhiteElo "2513"]
[BlackElo "2326"]
[PlyCount "267"]
[EventDate "2019.02.10"]
[EventType "swiss (rapid)"]
[EventRounds "8"]
[EventCountry "POR"]
[Source "Mark Crowther"]
[SourceDate "2019.02.12"]

1. Nf3 Nf6 2. g3 d5 3. Bg2 Bg4 4. O-O Nbd7 5. h3 Bh5 6. d3 e5 7. Qe1 c6 8. e4
dxe4 9. dxe4 Bxf3 10. Bxf3 Bc5 11. Qe2 O-O 12. c3 Qe7 13. a4 a5 14. Nd2 Rfd8
15. Nc4 Qe6 16. Kh2 Nb6 17. Ne3 g6 18. Bg2 Bf8 19. Qc2 Re8 20. Bd2 Nbd7 21. b4
Nb6 22. Rfb1 Nc4 23. Nxc4 Qxc4 24. Bg5 Nd7 25. Bf1 Qe6 26. Be3 Reb8 27. Qb3
Qxb3 28. Rxb3 b5 29. axb5 a4 30. Rba3 cxb5 31. Rd1 Nf6 32. f3 Ra6 33. Kg2 Rd6
34. Rxd6 Bxd6 35. Bd3 Kf8 36. Kf2 Ke8 37. Be2 Kd7 38. Bd2 Ne8 39. c4 bxc4 40.
Rxa4 Rc8 41. Bc3 Ng7 42. Ra7+ Ke8 43. Ra6 Ke7 44. f4 f6 45. Ra7+ Rc7 46. Rxc7+
Bxc7 47. fxe5 Bxe5 48. Bxe5 fxe5 49. Bxc4 Ne8 50. h4 Nd6 51. Bd5 h6 52. Ke3 Nc8
53. Kd3 Nb6 54. Bc6 Kd8 55. b5 Ke7 56. Kc3 Kd6 57. Be8 g5 58. hxg5 hxg5 59. Kb4
Nc8 60. Bg6 Nb6 61. Bf5 Na8 62. Ka5 Kc7 63. Kb4 Kd6 64. Bc8 Nb6 65. Bb7 Nd7 66.
Bd5 Nb6 67. Bc4 Nc8 68. Be2 Nb6 69. Bg4 Na8 70. Kc4 Nb6+ 71. Kb4 Na8 72. Bh3
Nb6 73. Bf5 Na8 74. Kc4 Nb6+ 75. Kd3 Ke7 76. Bg4 Kd6 77. Be2 Ke7 78. Bd1 Ke6
79. Bb3+ Ke7 80. Ke3 Kf6 81. Bd5 Nc8 82. Bb7 Nb6 83. Bc6 Nc4+ 84. Kd3 Nb6 85.
Kc3 Ke7 86. Kb4 Kd6 87. Ka5 Kc7 88. Bd5 Nc8 89. Bb3 Nb6 90. Be6 Na8 91. Bd5 Nb6
92. Bc6 Nc8 93. Kb4 Kd6 94. Be8 Nb6 95. Bf7 Nc8 96. Bb3 Nb6 97. Bg8 Nc8 98. Ba2
Nb6 99. Bb1 Nc8 100. Bd3 Nb6 101. Bc4 Nc8 102. Kc3 Nb6 103. Be2 Ke7 104. Bg4
Kd6 105. Kd2 Ke7 106. Be2 Nc8 107. Ke3 Nb6 108. Kf3 Kf6 109. Kg4 Kg6 110. Bd1
Nd7 111. Bb3 Nf6+ 112. Kf3 Nd7 113. Be6 Nb6 114. Bh3 Kf6 115. Kg4 Kg6 116. Bf1
Nd7 117. Bc4 Nf6+ 118. Kf3 Nd7 119. Be6 Nb6 120. Bf5+ Kg7 121. Kg4 Kh6 122. Bh7
Kxh7 123. Kxg5 Nc4 124. Kf6 Kg8 125. Ke6 Kg7 126. Kd5 Nb6+ 127. Kxe5 Kg6 128.
Kd6 Kf7 129. g4 Kf6 130. e5+ Kg5 131. e6 Kf6 132. g5+ Kxg5 133. e7 Nc8+ 134.
Kd7 1-0

[Event "Portugal op Rapid"]
[Site "Lisbon POR"]
[Date "2019.02.10"]
[Round "7.5"]
[White "Pacan-Milej, Kosma"]
[Black "Spraggett, Kevin"]
[Result "0-1"]
[WhiteElo "2273"]
[BlackElo "2513"]
[PlyCount "66"]
[EventDate "2019.02.10"]
[EventType "swiss (rapid)"]
[EventRounds "8"]
[EventCountry "POR"]
[Source "Mark Crowther"]
[SourceDate "2019.02.12"]

1. d4 Nf6 2. c4 e6 3. Nc3 Bb4 4. Qc2 Nc6 5. Nf3 d6 6. Bd2 O-O 7. a3 Bxc3 8.
Bxc3 Re8 9. e4 e5 10. d5 Ne7 11. Be2 Rf8 12. c5 Ne8 13. Nd2 f5 14. O-O Ng6 15.
cxd6 cxd6 16. Rfe1 Nf4 17. Bf1 fxe4 18. Nxe4 Bf5 19. Rac1 Nf6 20. f3 Kh8 21.
Qb3 N6xd5 22. Qxb7 Nxc3 23. Nxc3 Rb8 24. Qc6 Rb6 25. Qc4 Rxb2 26. Nd5 Be6 27.
Qc3 Rxg2+ 28. Bxg2 Bxd5 29. Rc2 h6 30. Qc7 Qf6 31. Qd7 Qg6 32. Rd2 Bxf3 33.
Qxd6 Nh3+ 0-1

[Event "Portugal op Rapid"]
[Site "Lisbon POR"]
[Date "2019.02.10"]
[Round "8.5"]
[White "Spraggett, Kevin"]
[Black "Bartel, Michal"]
[Result "0-1"]
[WhiteElo "2513"]
[BlackElo "2306"]
[PlyCount "78"]
[EventDate "2019.02.10"]
[EventType "swiss (rapid)"]
[EventRounds "8"]
[EventCountry "POR"]
[Source "Mark Crowther"]
[SourceDate "2019.02.12"]

1. Nf3 Nf6 2. g3 g6 3. b3 Bg7 4. Bb2 d6 5. Bg2 e5 6. d3 O-O 7. O-O Nc6 8. c4 h6
9. Nc3 Be6 10. a3 Qd7 11. Nd2 Bh3 12. Nd5 Bxg2 13. Kxg2 Nh5 14. e4 f5 15. exf5
Rxf5 16. Ne4 Raf8 17. f3 Nd4 18. Bxd4 exd4 19. Nb4 g5 20. Rc1 Kh8 21. c5 d5 22.
c6 bxc6 23. Nc5 Qe8 24. Nca6 Nf6 25. Re1 Qh5 26. Rc2 Rxf3 27. Qxf3 Ng4 28.
Qxf8+ Bxf8 29. Kg1 Ne3 30. Rf2 Bd6 31. Nxc6 Qg4 32. Ree2 h5 33. Nd8 Kg7 34. Nb8
h4 35. Nd7 hxg3 36. Rf7+ Kg6 37. Rf6+ Kh5 38. Rh6+ Kxh6 39. Nf7+ Kg7 0-1

[Event "Portuguese Cup"]
[Site "Evora POR"]
[Date "2019.07.13"]
[Round "5.1"]
[White "Spraggett, Kevin"]
[Black "Wegerle, Joerg"]
[Result "1-0"]
[WhiteElo "2511"]
[BlackElo "2411"]
[PlyCount "131"]
[EventDate "2019.01.12"]
[EventType "team"]
[EventRounds "6"]
[EventCountry "POR"]
[Source "Mark Crowther"]
[SourceDate "2019.07.15"]
[WhiteTeam "            AX Portugal/Atlantidiagonal_A"]
[BlackTeam "            AA Coimbra"]

1. e4 e5 2. Nf3 Nf6 3. Nxe5 d6 4. Nf3 Nxe4 5. Nc3 Nxc3 6. dxc3 Be7 7. Be3 Nc6
8. Qd2 Be6 9. O-O-O Qd7 10. Kb1 Bf6 11. Bg5 Bxg5 12. Nxg5 O-O-O 13. Nxe6 Qxe6
14. g3 Rhe8 15. Bg2 Qf5 16. f4 Re7 17. Rhe1 Rde8 18. Rxe7 Rxe7 19. Re1 Rxe1+
20. Qxe1 Kd7 21. b3 Qc5 22. Kb2 a5 23. a4 b6 24. Qd1 Qf5 25. Bf3 Qc5 26. Bd5
Nd8 27. Qg4+ Ke8 28. Be4 g6 29. Bd3 d5 30. f5 Qe7 31. Qd4 Qd6 32. Qh8+ Ke7 33.
Qxh7 g5 34. Qh5 Qf6 35. Qf3 Kd6 36. h4 Nc6 37. h5 Ne5 38. Qe2 c5 39. g4 Ke7 40.
Kb1 Kf8 41. c4 Qd6 42. cxd5 Qxd5 43. Bb5 Qd4 44. h6 Kg8 45. Qg2 Kh7 46. Qa8
Qd1+ 47. Kb2 Qd4+ 48. Ka2 Nxg4 49. f6 Qxf6 50. Bd3+ Kxh6 51. Qe4 Kh5 52. Qh1+
Nh2 53. Qxh2+ Kg4 54. Bb5 Qd4 55. Qg2+ Kh4 56. Qh2+ Kg4 57. Be2+ Kf5 58. Qh7+
Kf6 59. Bc4 g4 60. Qxf7+ Kg5 61. Qe7+ Kf4 62. Qh4 Qc3 63. Bd3 c4 64. Qf2+ Kg5
65. Qf5+ Kh4 66. Bxc4 1-0

[Event "Guimaraes op"]
[Site "Guimaraes POR"]
[Date "2018.10.04"]
[Round "1.3"]
[White "Spraggett, Kevin"]
[Black "Soares, Sara Joana de Moura"]
[Result "1-0"]
[WhiteElo "2513"]
[BlackElo "1481"]
[PlyCount "59"]
[EventDate "2018.10.04"]
[EventType "swiss"]
[EventRounds "7"]
[EventCountry "POR"]
[Source "ChessMix"]
[SourceDate "2018.10.10"]

1. d4 d5 2. c4 e6 3. Nc3 Be7 4. Nf3 Nf6 5. g3 O-O 6. Bg2 Nbd7 7. Qd3 c6 8. O-O
b6 9. Rd1 Bb7 10. Bf4 Re8 11. Rac1 Nf8 12. e4 Ng6 13. Be3 Ba6 14. b3 dxe4 15.
Nxe4 Nd5 16. Bd2 Ba3 17. Rb1 Nb4 18. Qe2 h6 19. Bc1 Bxc1 20. Rbxc1 Nd5 21. Qb2
Nf6 22. Nxf6+ Qxf6 23. Ne5 Bb7 24. Nxc6 Rec8 25. Ne5 Bxg2 26. Kxg2 Nxe5 27.
dxe5 Qe7 28. Rd6 Rd8 29. Rcd1 Qc7 30. Qd4 1-0

[Event "Guimaraes op"]
[Site "Guimaraes POR"]
[Date "2018.10.05"]
[Round "2.3"]
[White "Barbosa, Paulo Jorge Pereira"]
[Black "Spraggett, Kevin"]
[Result "0-1"]
[WhiteElo "1982"]
[BlackElo "2513"]
[PlyCount "64"]
[EventDate "2018.10.04"]
[EventType "swiss"]
[EventRounds "7"]
[EventCountry "POR"]
[Source "ChessMix"]
[SourceDate "2018.10.10"]

1. c4 g6 2. g3 Bg7 3. Bg2 Nf6 4. Nc3 O-O 5. Nf3 d5 6. cxd5 Nxd5 7. Nxd5 Qxd5 8.
O-O Nc6 9. d3 Qb5 10. a4 Qb4 11. Rb1 a5 12. Bd2 Qd6 13. Bc3 Rd8 14. h4 Bg4 15.
Ng5 Nd4 16. Re1 h6 17. Ne4 Qc6 18. b4 axb4 19. Bxb4 Qe8 20. Nc5 b6 21. Bxa8
bxc5 22. Bg2 cxb4 23. Rxb4 c5 24. Rc4 Rc8 25. a5 Be6 26. a6 Qb5 27. Qa4 Bxc4
28. Qxc4 Qa5 29. Rb1 Nxe2+ 30. Kh2 Bd4 31. Bd5 Rf8 32. Kg2 Nc3 0-1